Global moral hazard, capital account liberalization and the "overlending syndrome"

Gespeichert in:
Bibliographische Detailangaben
1. Verfasser: Levy-Yeyati, Eduardo
Format: Buch
Sprache:Englisch
Veröffentlicht: Washington International Monetary Fund 1999
Schriftenreihe:IMF Working Paper W/99/100
Schlagworte:
Tags: Tag hinzufügen
Keine Tags, Fügen Sie das erste Tag hinzu!

MARC

LEADER 00000nam a2200000 4500
001 c116297
005 20221221082514.2
041 0 |a eng 
044 |a US 
245 1 0 |a Global moral hazard, capital account liberalization and the "overlending syndrome"  |c Prepared by Eduardo Levy-Yeyati 
264 1 |a Washington  |b International Monetary Fund  |c 1999 
300 |a 22 s. 
490 1 |a IMF Working Paper  |v W/99/100 
830 0 |a IMF Working Paper  |v W/99/100 
610 2 0 |a kríza banková 
610 2 0 |a liberalizácia 
610 2 0 |a účty kapitálové 
610 2 0 |a pôžičky 
610 2 0 |a modely 
610 2 0 |a hazard morálny 
610 2 0 |a svet 
610 2 0 |a hospodárstvo svetové 
100 1 |a Levy-Yeyati, Eduardo